Online katalóg knižníc regiónu Turca

Ženy nášho rodu (Record no. 22111)

MARC details
000 -LEADER
fixed length control field 01827cam a2200505 4500
001 - CONTROL NUMBER
control field 22111
003 - CONTROL NUMBER IDENTIFIER
control field VRT
005 - DATE AND TIME OF LATEST TRANSACTION
control field 20260320105927.0
008 - FIXED-LENGTH DATA ELEMENTS--GENERAL INFORMATION
fixed length control field 200316s2018 xo er 010 fdslo
015 ## - NATIONAL BIBLIOGRAPHY NUMBER
National bibliography number SNBA2018/05
020 ## - INTERNATIONAL STANDARD BOOK NUMBER
International Standard Book Number 9788056901045
Qualifying information (viazané)
035 ## - SYSTEM CONTROL NUMBER
System control number urn:nbn:sk:snk-am00dgmb
035 ## - SYSTEM CONTROL NUMBER
System control number urn:nbn:sk:snk-am3i1ma
035 ## - SYSTEM CONTROL NUMBER
System control number 802C8D81-72AA-439C-97F9-1A2EFA7804AE
039 #9 - LEVEL OF BIBLIOGRAPHIC CONTROL AND CODING DETAIL [OBSOLETE]
Level of rules in bibliographic description 202003161045
Level of effort used to assign nonsubject heading access points VLOAD
Level of effort used to assign subject headings 201805031440
Level of effort used to assign classification msnk21
Level of effort used to assign subject headings 201804120916
Level of effort used to assign classification msnk134
Level of effort used to assign subject headings 201803201101
Level of effort used to assign classification msvkbb03
040 ## - CATALOGING SOURCE
Original cataloging agency ZKSE
Language of cataloging slo
Modifying agency ZKSE
-- SNK
Description conventions rda
041 0# - LANGUAGE CODE
Language code of text/sound track or separate title slo
044 ## - COUNTRY OF PUBLISHING/PRODUCING ENTITY CODE
MARC country code xo
ISO country code SK
072 #7 - SUBJECT CATEGORY CODE
Subject category code 821.162.4-3
Subject category code subdivision Slovenská próza
Source konspekt
080 ## - UNIVERSAL DECIMAL CLASSIFICATION NUMBER
Universal Decimal Classification number 821.162.4-31
Edition identifier 2011
080 ## - UNIVERSAL DECIMAL CLASSIFICATION NUMBER
Universal Decimal Classification number 82-31
Edition identifier 2011
080 ## - UNIVERSAL DECIMAL CLASSIFICATION NUMBER
Universal Decimal Classification number 82-311.4
Edition identifier 2011
100 1# - MAIN ENTRY--PERSONAL NAME
Personal name Nagyová-Džerengová, Petra,
Dates associated with a name 1972-
Relationship aut
245 1# - TITLE STATEMENT
Title Ženy nášho rodu
Statement of responsibility, etc. Petra Nagyová-Džerengová
250 ## - EDITION STATEMENT
Edition statement 1. vydanie
264 #1 - PRODUCTION, PUBLICATION, DISTRIBUTION, MANUFACTURE, AND COPYRIGHT NOTICE
Place of production, publication, distribution, manufacture Bratislava
Name of producer, publisher, distributor, manufacturer Marenčin PT
Date of production, publication, distribution, manufacture, or copyright notice 2018
300 ## - PHYSICAL DESCRIPTION
Extent 270 strán
Dimensions 21 cm
336 ## - CONTENT TYPE
Content type term text
Content type code txt
Source rdacontent
337 ## - MEDIA TYPE
Media type term bez média
Media type code n
Source rdamedia
338 ## - CARRIER TYPE
Carrier type term zväzok
Carrier type code nc
Source rdacarrier
500 ## - GENERAL NOTE
General note Obsahuje biografické údaje o autorke na prebale publikácie
655 #7 - INDEX TERM--GENRE/FORM
Genre/form data or focus term slovenské romány
Source of term SNKPH
655 #7 - INDEX TERM--GENRE/FORM
Genre/form data or focus term dievčenské romány
Source of term SNKPH
655 #7 - INDEX TERM--GENRE/FORM
Genre/form data or focus term Slovak fiction
Source of term SNKPHeng
655 #7 - INDEX TERM--GENRE/FORM
Genre/form data or focus term Girls' novels
Source of term SNKPHeng
655 #7 - INDEX TERM--GENRE/FORM
Genre/form data or focus term spoločenské romány
Source of term SNKPH
655 #7 - INDEX TERM--GENRE/FORM
Genre/form data or focus term Society novels
Source of term SNKPHeng
942 ## - ADDED ENTRY ELEMENTS (KOHA)
Source of classification or shelving scheme Dewey Decimal Classification
Koha item type Krásna literatúra pre dospelých
Suppress in OPAC No
949 ## - LOCAL PROCESSING INFORMATION (OCLC)
6 270001000587454
a svkbbA 153727
b svkbbm 775055
949 ## - LOCAL PROCESSING INFORMATION (OCLC)
6 2889336691
a savukPV 25889
b savuk2018/1185
949 ## - LOCAL PROCESSING INFORMATION (OCLC)
6 17A1329536
a snkSC 179121
b snk2018/8360
o 795/2018
s 6100:20180509
949 ## - LOCAL PROCESSING INFORMATION (OCLC)
6 17A1329537
a snkSC 179121 D1
b snk2018/8361
o 795/2018
949 ## - LOCAL PROCESSING INFORMATION (OCLC)
6 273K0646511
a svkpoA 242853
b svkpo638295
r poškodený obal
Holdings
Stav vyradenia Strata Poškodenie Spôsob nadobudnutia Domovská knižnica Aktuálna knižnica Dátum nadobudnutia Cena Total checkouts Čiarový kód exemplára Date last seen Typ exemplára
      Kúpa Obecná knižnica Horná Štubňa Obecná knižnica Horná Štubňa 20.03.2026 6.99   9788056901045 20.03.2026 Krásna literatúra pre dospelých
Projekt je podporený Slovenskou asociáciou knižníc
Prevádzkuje Turčianska knižnica Martin 2026